000 00824nam a2200205Ii 4500
003 JO-AjNU
008 230605s9999||||xx |||||||||||||| ||und||
040 _aJO-AjNU
_bara
_erda
_cJO-AjNU
041 _aara
050 1 4 _aK7340.T34.2008
100 3 _a طه ، مصطفى كمال ، بندق ، وائل أنور ,
_eauthor
_932035
245 0 0 _aأصول القانون التجاري : الأعمال التجارية - التجار - الشركات التجارية - المحل التجاري - الملكية الصناعية
250 _a(د،ط)
264 3 1 _aالاسكندرية : دار الفكر الجامعي ، 2008
300 _a985ص
336 _atext
_btxt
_2rdacontent
337 _aunmediated
_bn
_2rdamedia
338 _avolume
_bnc
_2rdacarrier
650 4 _aالقانون التجاري
_932036
999 _aA12885
_c16453
_d16453